header

Program specialization (Record no. 76702)

MARC details
000 -LEADER
fixed length control field 01193nam a2200313 a 4500
082 04 - DEWEY DECIMAL CLASSIFICATION NUMBER
Classification number 005.1
100 1# - MAIN ENTRY--AUTHOR NAME
Personal name Marlet, Renaud.
245 10 - TITLE STATEMENT
Title Program specialization
260 ## - PUBLICATION, DISTRIBUTION, ETC. (IMPRINT)
Place of publication Hoboken, N.J. :
Name of publisher John Wiley & Sons, Inc.,
Year of publication 2013.
300 ## - PHYSICAL DESCRIPTION
Number of Pages xvi, 542 p. :
Other physical details ill.
490 0# - SERIES STATEMENT
Series statement Computer engineering series
650 #0 - SUBJECT ADDED ENTRY--TOPICAL TERM
Topical Term Program transformation (Computer programming)
856 40 - ELECTRONIC LOCATION AND ACCESS
Uniform Resource Identifier http://site.ebrary.com/lib/rucke/Doc?id=10653861

No items available.

© 2026 Rongo University
Contact us: librarian | system librarian | Rongo university